000 00718nam a2200241 a 4500
005 20210219152851.0
008 991125n 000 0 eng u
035 _aUPN01000064145
100 _aGoodman, Joan F.
222 _aEARLY EDUCATION AND DEVELOPMENT
245 _aA analysis of the core cognitive curriculum in early intervention programs
300 _a193-203
362 _a|993 4, No. 3
505 _aNoviembre 1993
653 0 _aCURRICULUM CENTRADO
653 0 _aEDUCACION PREESCOLAR
653 0 _aINCAPACIDAD DE DESARROLLO
653 0 _aINTERVENCION TEMPRANA
653 0 _aPROGRAMAS EDUCATIVOS INDIVIDUALIZADOS
700 _aPollak, Elizabeth
904 _aAC
_b001956
905 _aArticulo
999 _c62445
_d62445